20 titres les plus écoutés de Slipknot - Statistiques

Statistiques générales
  • Ce quiz a été pris 64 fois
  • Le résultat moyen est 13 sur 20
Statistiques - réponses
Nb. d'écoutes Album % Correct
+ 1 064 000 000 Vol.3: (The Subliminal Verses) Duality
100%
+ 807 000 000 All hope Is Gone Psychosocial
96%
+ 206 000 000 Iowa People = Shit
87%
+ 445 000 000 All Hope Is Gone Snuff
78%
+ 597 000 000 Slipknot Wait and Bleed
78%
+ 368 000 000 5.: The Gray Chapter Custer
74%
+ 471 000 000 5.: The Gray Chapter The Devil in I
74%
+ 184 000 000 Slipknot (sic)
70%
+ 378 000 000 We Are Not Your Kind Unsainted
70%
+ 699 000 000 Vol.3: (The Subliminal Verses) Before I Forget
67%
+ 229 000 000 Slipknot Eyeless
63%
+ 259 000 000 Slipknot Spit It Out
61%
+ 135 000 000 All Hope Is Gone Sulfur
59%
+ 205 000 000 We Are Not Your Kind Nero Forte
57%
+ 126 000 000 Slipknot Surfacing
46%
+ 197 000 000 All Hope Is Gone Dead Memories
43%
+ 154 000 000 5.: The Gray Chapter Killpop
41%
+ 211 000 000 Vol.3: (The Subliminal Verses) Vermillion, Pt. 2
41%
+ 125 000 000 Iowa Left Behind
35%
+ 140 000 000 Single All Out Life
20%
Aucun quiz correspondant
Distribution des résultats
% des personnes avec chaque résultat
Percentile par nombre de réponses
Votre historique - résultats
Vous n’avez pas pris ce quiz